| 000 | 01147nam a2200313 a 4500 | ||
|---|---|---|---|
| 001 | 26001 | ||
| 003 | BD-RjUL | ||
| 005 | 20211209050946.0 | ||
| 008 | 140320s1983 cc acf 000 0 eng | ||
| 020 | _a0835110532 | ||
| 035 | _a(BD-RjUL)26071 | ||
| 040 |
_aDLC _cDLC _dDLC _dBD-RjUL _beng |
||
| 041 | 1 |
_aeng _hchi |
|
| 082 | 0 | 0 |
_a951.042 _219 _bLUZ 1983 |
| 100 | 1 |
_aLuo, Ruiqing, _d1906-1978. _979888 |
|
| 245 | 1 | 0 |
_aZhou Enlai and the Xiʼan incident : _ban eyewitness account : a turning point in Chinese history / _cLuo Ruiqing, Lü Zhengcao & Wang Bingnan. |
| 250 | _a1st ed. | ||
| 260 |
_aBeijing : _bForeign Languages Press : _bDistributed by China Publications Centre (Guoji Shudian), _c1983. |
||
| 300 |
_a117, [8] p. of plates : _bill., ports. ; _c19 cm. |
||
| 600 | 1 | 0 |
_aZhou, Enlai, _d1898-1976. _979893 |
| 651 | 0 |
_aChina _xHistory _yXi'an Incident, 1936. _979890 |
|
| 700 | 1 |
_aLü, Zhengcao, _d1905-2009. _979891 |
|
| 700 | 1 |
_aWang, Bingnan. _979892 |
|
| 740 | 0 | _aXi'an shi bian yu Zhou Enlai tong zhi. | |
| 942 |
_2ddc _cBK |
||
| 999 |
_c26001 _d26001 |
||